<?xml version="1.0" encoding="UTF-8"?>
<collection xmlns="http://www.loc.gov/MARC21/slim">
 <record>
  <leader>01827nam a22001931a 4500</leader>
  <controlfield tag="001">1/25827</controlfield>
  <controlfield tag="008">050419s2002    lu            000 0 gre  </controlfield>
  <datafield tag="022" ind1="0" ind2=" ">
   <subfield code="a">0254-1483</subfield>
  </datafield>
  <datafield tag="028" ind1="3" ind2="1">
   <subfield code="a">KT-CO-02-248-GR-C</subfield>
  </datafield>
  <datafield tag="028" ind1="3" ind2="1">
   <subfield code="a">2000/0109 (COD)</subfield>
  </datafield>
  <datafield tag="035" ind1=" " ind2=" ">
   <subfield code="l">27647</subfield>
  </datafield>
  <datafield tag="040" ind1=" " ind2=" ">
   <subfield code="a">GR-PeUP</subfield>
  </datafield>
  <datafield tag="084" ind1=" " ind2=" ">
   <subfield code="2">KET</subfield>
   <subfield code="a">COM (2002) 234 τελικό</subfield>
  </datafield>
  <datafield tag="110" ind1="2" ind2=" ">
   <subfield code="a">Επιτροπή των Ευρωπαϊκών Κοινοτήτων.</subfield>
  </datafield>
  <datafield tag="245" ind1="1" ind2="0">
   <subfield code="a">Πρόταση Κνονισμού του Ευρωπαικού Κοινοβουλίου και του Συμβουλίου για την τροποποίηση του κανονισμού (ΕΚ) αριθ.2223/96 του Συμβουλίου όσον αφορά της προθεσμίες διαβίβασης των κύριων μακροοικονομικών μεγεθών των εθνικών λογαριασμών, τις παρεκκλίσεις σχετικά με τη διαβίβαση των κύριων μακροοικονομικών μεγεθών των εθνικών λογαριασμών και τη διαβίβαση των δεδομένων περί απασχόλησης σε μονάδες &quot;ωρών εργασίας που πραγματοποιήθηκαν&quot;:</subfield>
   <subfield code="b">υποβληθείσα από την Επιτροπή /</subfield>
   <subfield code="c">Επιτροπή των Ευρωπαϊκών Κοινοτήτων</subfield>
  </datafield>
  <datafield tag="260" ind1="0" ind2=" ">
   <subfield code="a">Βρυξέλλες, Λουξεμβούργο:</subfield>
   <subfield code="b">Υπηρεσία Επισήμων Εκδόσεων των Ευρωπαϊκών Κοινοτήτων,</subfield>
   <subfield code="c">15.5.2002</subfield>
  </datafield>
  <datafield tag="300" ind1=" " ind2=" ">
   <subfield code="a">31 σ.</subfield>
  </datafield>
  <datafield tag="852" ind1=" " ind2=" ">
   <subfield code="a">INST</subfield>
   <subfield code="b">UNIPILB</subfield>
   <subfield code="c">KET</subfield>
   <subfield code="e">20050419</subfield>
   <subfield code="h">KET  COM (2002) 234 τελικό</subfield>
   <subfield code="p">COM (2002) 234</subfield>
   <subfield code="q">COM (2002) 234</subfield>
   <subfield code="t">NOLOAN</subfield>
   <subfield code="y">23</subfield>
   <subfield code="4">1</subfield>
  </datafield>
  <datafield tag="856" ind1="4" ind2="1">
   <subfield code="u">http://eur-lex.europa.eu/LexUriServ/LexUriServ.do?uri=COM:2002:0234:FIN:EL:PDF</subfield>
  </datafield>
 </record>
</collection>
